000 00369nam a2200145 a 4500
003 MO
005 20170315091123.0
008 100902s19uu xx 00 eng d
050 _aTR
_bJ71 1998
100 _aWynne-Jones, Tim
245 _aThe Maestro :
_bIt all started with the music.
260 _aNew York :
_bPenguin,
_c1998.
942 _2ddc
_cBK
999 _c111400
_d111400